| 000 | 01141nam a22003377a 4500 | ||
|---|---|---|---|
| 003 | CHAP | ||
| 005 | 20220817043030.0 | ||
| 008 | 971010s1970 r 00010 d | ||
| 010 | _a63380 | ||
| 011 | _a64352 | ||
| 035 | _a69657 | ||
| 040 | _cCHAP | ||
| 082 |
_a513.83 _bL5y |
||
| 100 | 0 | 0 |
_aLipschutz, Seymour. _967039 |
| 245 | _aTeoría y problemas de topología general | ||
| 260 |
_aMéxico, D.F. : _bMcGraw-Hill, _c1970 |
||
| 300 | _a238 p | ||
| 490 | _aSerie de Compendios Schaum | ||
| 590 |
_aBATCH-UPD _b10 _c20130110 _lUCH01 _h0058 |
||
| 590 |
_aBATCH-UPD _b10 _c20130110 _lUCH01 _h1831 |
||
| 590 |
_aBATCH-UPD _b10 _c20130410 _lUCH01 _h1203 |
||
| 590 |
_aBATCH-UPD _b10 _c20130914 _lUCH01 _h1726 |
||
| 590 |
_aCONVERSION _b10 _c20130109 _lUCH01 _h1334 |
||
| 650 | 1 | 4 |
_aTopología. _9113916 |
| 830 | 0 | _aSerie de Compendios Schaum | |
| 901 | _aBK | ||
| 942 | _cLIBRO | ||
| 949 |
_a513.83 L5y _bBC _cLIBRO _d33724000404463 _eLIBRO _fc.3 _h45756 _i69657 _si _t118.00 |
||
| 949 |
_a513.83 L5y _bBC _cLIBRO _d33724000405296 _eLIBRO _fc.2 _h45755 _i69657 _si _t118.00 |
||
| 949 |
_a513.83 L5y _bBC _cLIBRO _d33724000405304 _eLIBRO _h45754 _i69657 _si _t118.00 |
||
| 999 |
_c63380 _d63380 |
||